| 000 | 00876nmm a2200277 a 4500 | ||
|---|---|---|---|
| 001 | ocm000591909 | ||
| 003 | TR-IsHL | ||
| 005 | 20201028120348.0 | ||
| 008 | 130625s1991 tu tur | ||
| 007 | cr cn | ||
| 020 | _a9789755200316 | ||
| 035 |
_a591909 _b(N$T) |
||
| 050 | 0 | 4 |
_aPN6120.9.T9 _bK83 1991 |
| 090 | 0 | 4 |
_aPN6120.9.T9 _bK83 1991 |
| 245 | 1 | 0 |
_aKüçük öykü seçkisi _h[electronic resource] / _chaz. Gürsel Aytaç |
| 250 | _a1. bs. | ||
| 260 |
_aAnkara : _bGündogan Yayınları, _c1991 |
||
| 300 | _a227 p. | ||
| 650 | 4 | _aDil ve Edebiyat | |
| 650 | 4 | _aLanguage and Literature | |
| 650 | 0 | _aKısa öyküler, Türkçe | |
| 650 | 0 | _aShort stories, Turkish | |
| 650 | 7 |
_aLITERARY CRITICISM / Short Stories _2bisacsh |
|
| 700 | 1 | _aAytaç, Gürsel | |
| 856 | 4 | 0 | _uhttp://search.ebscohost.com/login.aspx?direct=true&scope=site&db=e011xww&AN=591909 |
| 999 |
_c747 _d747 |
||